[Event "CZE-ch Betsys Online Blitz"]
[Site "Chess.com INT"]
[Date "2021.04.17"]
[Round "8"]
[White "Zelenka, Petr"]
[Black "Plasek, Zdenek"]
[Result "0-1"]
[WhiteElo "1408"]
[BlackElo "1957"]
[PlyCount "48"]
[EventDate "2021.04.17"]
[EventType "swiss (blitz)"]
[EventRounds "13"]
[EventCountry "CZE"]
[SourceTitle "CBM 201 Extra"]
[Source "ChessBase"]
[SourceDate "2021.05.31"]
[SourceVersion "1"]
[SourceVersionDate "2021.05.31"]
[SourceQuality "1"]

1. e4 c5 2. Nf3 d6 3. d4 cxd4 4. Nxd4 Nf6 5. Nc3 a6 6. h3 e6 7. Bg5 Nbd7 8. f4 Qc7 9. Qd2 b5 10. g4 h6 11. Bh4 Be7 12. Bg2 Bb7 13. 0-0 Nxe4 14. Nxe4 Bxh4 15. Nf3 Be7 16. Qd4 d5 17. Qxg7 Rf8 18. Ng3 Qxf4 19. Rae1 Qxg3 20. Nd2 Bd6 21. Qxh6 Qh2+ 22. Kf2 Bg3+ 23. Ke2 Qxg2+ 24. Kd1 Bxe1 0-1